Product lifecycle management

Zapisane w:
Opis bibliograficzny
Format: Sách
Język:Undetermined
Wydane: MCGraw-Hill  2006
Hasła przedmiotowe:
Etykiety: Dodaj etykietę
Nie ma etykietki, Dołącz pierwszą etykiete!
Thư viện lưu trữ: Trung tâm Thư viện - Trường Đại học Công nghiệp TP. Hồ Chí Minh
LEADER 00393nam a2200133Ia 4500
001 UIH_08015
008 231011s9999 xx 000 0 und d
082 |a  658.5 
245 0 |a  Product lifecycle management 
260 |b MCGraw-Hill 
260 |c  2006 
650 |a  Sản phẩm;  
927 |a Sách 
980 |a Trung tâm Thư viện - Trường Đại học Công nghiệp TP. Hồ Chí Minh